000
00256nam a22001217a 4500
020
_a
1-8442-2571-1
082
_a
823
_b
JOY/B
100
_a
JOYCE MELANIE
245
_a
BUSY GARAGE
260
_a
UK
_b
LADYBIRD
650
_a
ENGLISH SHORT STORY
_z
UK
942
_c
BK
999
_c
4698
_d
4698